[Event "Heinola Suomi 100 ottelu Vierumaki"]
[Site "Heinola"]
[Date "2017.11.17"]
[Round "1"]
[White "Nassar, Askold"]
[Black "Zasypkin, Alexey"]
[Result "0-1"]
[WhiteElo "1785"]
[BlackElo "2181"]
[PlyCount "98"]
[EventDate "2017.11.17"]
[EventType "swiss"]
[EventRounds "3"]
[EventCountry "FIN"]
[SourceTitle "EXT 2022"]
[Source "ChessBase"]
[SourceDate "2021.10.06"]
[SourceVersion "1"]
[SourceVersionDate "2021.10.06"]
[SourceQuality "1"]

1. e4 c5 2. Nf3 e6 3. c3 d5 4. exd5 Qxd5 5. d4 Nc6 6. Be2 Nf6 7. 0-0 Be7 8. Bf4 0-0 9. Ne5 cxd4 10. Bf3 Qb5 11. Nxc6 bxc6 12. Qxd4 Qxb2 13. Nd2 Rd8 14. Qa4 Nd5 15. Nc4 Qb5 16. Qxb5 cxb5 17. Na5 Bf6 18. Nc6 Re8 19. Be5 Bb7 20. Bxd5 Bxe5 21. Nxe5 Bxd5 22. a4 f6 23. Ng4 bxa4 24. Rxa4 Rec8 25. Rc1 Rc4 26. Rxc4 Bxc4 27. Ne3 Bd3 28. Rd1 Bg6 29. Ra1 a5 30. Nc4 a4 31. f4 Bc2 32. Kf2 Bb3 33. Nd2 Bc2 34. Ra2 Bd1 35. Ke1 Bh5 36. Nc4 Be8 37. Ra3 Kf8 38. Kd2 Ke7 39. Ke3 Bc6 40. g3 Rb8 41. Kd4 Rb5 42. Ra2 h5 43. Ne3 Rb3 44. f5 e5+ 45. Kc4 Kd6 46. Rd2+ Kc7 47. Rc2 Bb5+ 48. Kc5 Bd3 49. Nd5+ Kd7 0-1

[Event "Ust Sysolskaya Ladya"]
[Site "Syktyvkar"]
[Date "2012.06.20"]
[Round "5"]
[White "Zasypkin, Alexey"]
[Black "Sheremeta, Yuri"]
[Result "0-1"]
[WhiteElo "2221"]
[BlackElo "2153"]
[PlyCount "88"]
[EventDate "2012.06.17"]
[EventType "tourn"]
[EventRounds "9"]
[EventCountry "RUS"]
[SourceTitle "EXT 2013"]
[Source "ChessBase"]
[SourceDate "2012.11.22"]
[SourceVersion "1"]
[SourceVersionDate "2012.11.22"]
[SourceQuality "1"]

1. d4 Nf6 2. c4 c5 3. d5 e6 4. Nc3 exd5 5. cxd5 d6 6. g3 g6 7. Bg2 Bg7 8. Nf3 0-0 9. 0-0 Re8 10. h3 a6 11. a4 Nbd7 12. Re1 Rb8 13. Bf4 Qc7 14. e4 Nh5 15. e5 Nxf4 16. gxf4 f5 17. Re2 Qd8 18. Ng5 Nf8 19. exd6 Rxe2 20. Qxe2 Qxd6 21. Re1 h6 22. Ne6 Bf6 23. Qe3 b6 24. a5 Bd7 25. axb6 Rxb6 26. Nxc5 Rxb2 27. Nxd7 Qxd7 28. d6 Qxd6 29. Bd5+ Kh7 30. Qa7+ Qd7 31. Qc5 Rb8 32. Bc6 Rc8 33. Nd5 Bg7 34. Ne7 Qd2 35. Rf1 Rc7 36. Nd5 Rc8 37. Qd6 Qd4 38. Re1 h5 39. Re7 Kh6 40. Rb7 a5 41. Rb5 a4 42. Ra5 Qd2 43. Rb5 Bd4 44. Ne3 Bxe3 0-1

[Event "Fagernes Norsk op"]
[Site "Fagernes"]
[Date "2012.05.03"]
[Round "7"]
[White "Kasparov, Sergey"]
[Black "Zasypkin, Alexey"]
[Result "1-0"]
[WhiteElo "2503"]
[BlackElo "2233"]
[PlyCount "55"]
[EventDate "2012.04.28"]
[EventType "swiss"]
[EventRounds "9"]
[EventCountry "NOR"]
[SourceTitle "CBM 148 Extra"]
[Source "ChessBase"]
[SourceDate "2012.06.22"]
[SourceVersion "1"]
[SourceVersionDate "2012.06.22"]
[SourceQuality "1"]

1. e4 d5 2. exd5 Nf6 3. Nf3 Nxd5 4. d4 g6 5. c4 Nb6 6. Nc3 Bg7 7. c5 Nd5 8. Bc4 Nxc3 9. bxc3 0-0 10. 0-0 b6 11. Re1 bxc5 12. Bg5 Bf6 13. Bh6 Bg7 14. Bxg7 Kxg7 15. Ne5 c6 16. d5 Bb7 17. Rb1 Qc8 18. Qf3 Nd7 19. Nxc6 Bxc6 20. dxc6 Nb6 21. Bb5 e6 22. Qe3 a6 23. Qe5+ Kg8 24. Be2 Nd5 25. Bf3 Rd8 26. c7 Re8 27. Bxd5 exd5 28. Qxe8+ 1-0

[Event "Fagernes Norsk op"]
[Site "Fagernes"]
[Date "2012.05.02"]
[Round "6"]
[White "Zasypkin, Alexey"]
[Black "Ernst, Sipke"]
[Result "1/2-1/2"]
[WhiteElo "2233"]
[BlackElo "2578"]
[PlyCount "63"]
[EventDate "2012.04.28"]
[EventType "swiss"]
[EventRounds "9"]
[EventCountry "NOR"]
[SourceTitle "CBM 148 Extra"]
[Source "ChessBase"]
[SourceDate "2012.06.22"]
[SourceVersion "1"]
[SourceVersionDate "2012.06.22"]
[SourceQuality "1"]

1. d4 Nf6 2. Nf3 e6 3. c4 c5 4. d5 exd5 5. cxd5 Bd6 6. Nc3 0-0 7. g3 Bc7 8. Bg2 d6 9. 0-0 a6 10. a4 Re8 11. h3 Nbd7 12. Nd2 Ne5 13. f4 Ng6 14. e4 Bd7 15. Re1 Rb8 16. Nf3 c4 17. Kh2 b5 18. axb5 axb5 19. e5 dxe5 20. d6 exf4 21. Rxe8+ Bxe8 22. Bxf4 Nxf4 23. dxc7 Qxc7 24. gxf4 Qxf4+ 25. Kh1 Qc7 26. Nd5 Nxd5 27. Qxd5 Bc6 28. Qc5 Qd7 29. Qd4 Qc8 30. Kh2 Qc7+ 31. Qe5 Qb7 32. Re1 1/2-1/2

[Event "Komi-ch"]
[Site "Syktyvkar"]
[Date "2012.02.18"]
[Round "8"]
[White "Zasypkin, Alexey"]
[Black "Semyashkin, Evgeny"]
[Result "1-0"]
[WhiteElo "2233"]
[BlackElo "1977"]
[PlyCount "89"]
[EventDate "2012.02.11"]
[EventType "swiss"]
[EventRounds "9"]
[EventCountry "RUS"]
[SourceTitle "EXT 2014"]
[Source "ChessBase"]
[SourceDate "2013.11.20"]
[SourceVersion "1"]
[SourceVersionDate "2013.11.20"]
[SourceQuality "1"]

1. d4 Nf6 2. Nf3 e6 3. c4 b6 4. g3 Bb4+ 5. Bd2 Be7 6. Bg2 Bb7 7. 0-0 0-0 8. Bf4 d6 9. Nc3 Nbd7 10. Qc2 Nh5 11. Ng5 Bxg5 12. Bxg5 Qc8 13. e4 f6 14. Be3 g6 15. f4 f5 16. d5 e5 17. exf5 gxf5 18. Rae1 Ng7 19. Bh3 a6 20. fxe5 Nxe5 21. Bh6 Qe8 22. Ne2 Bc8 23. Nd4 Bd7 24. Bxg7 Kxg7 25. Bxf5 Bxf5 26. Rxf5 Rxf5 27. Qxf5 Qg6 28. Qxg6+ Kxg6 29. b3 b5 30. cxb5 axb5 31. Re2 b4 32. Rc2 Ng4 33. Ne6 Ne3 34. Nxc7 Rf8 35. Rf2 Rc8 36. Re2 Nd1 37. Re6+ Kg5 38. Na6 Kf5 39. Nxb4 Nc3 40. Rxd6 Ra8 41. a4 Rb8 42. Rc6 Nxa4 43. g4+ Kxg4 44. Rc4+ Kf5 45. bxa4 1-0

[Event "Komi-ch"]
[Site "Syktyvkar"]
[Date "2012.02.13"]
[Round "3"]
[White "Osipov, Sergey Adolfovich"]
[Black "Zasypkin, Alexey"]
[Result "0-1"]
[WhiteElo "2429"]
[BlackElo "2233"]
[PlyCount "78"]
[EventDate "2012.02.11"]
[EventType "swiss"]
[EventRounds "9"]
[EventCountry "RUS"]
[SourceTitle "EXT 2014"]
[Source "ChessBase"]
[SourceDate "2013.11.20"]
[SourceVersion "1"]
[SourceVersionDate "2013.11.20"]
[SourceQuality "1"]

1. d4 Nf6 2. c4 g6 3. Nc3 Bg7 4. e4 0-0 5. Be2 d6 6. Nf3 e5 7. 0-0 Nc6 8. d5 Ne7 9. Ne1 Nd7 10. Be3 f5 11. f3 f4 12. Bf2 g5 13. b4 Rf6 14. c5 Rh6 15. Bc4 Qe8 16. g4 fxg3 17. Bxg3 a6 18. Qd2 Ng6 19. Rf2 Nf4 20. Kf1 Qh5 21. Bxf4 exf4 22. Nd3 Bd4 23. Nxf4 Bxc3 24. Qxc3 gxf4 25. cxd6 cxd6 26. Ke2 Rg6 27. Kd2 Qe5 28. Qxe5 Nxe5 29. Bb3 Bh3 30. Rc1 Rc8 31. Rb1 h5 32. Ra1 h4 33. Rb1 Rg2 34. Ke2 Rc3 35. Rbf1 Rxf3 36. Bc2 Rfxf2+ 37. Rxf2 f3+ 38. Ke1 Rxf2 39. Kxf2 Bg2 0-1

[Event "Anapa op"]
[Site "Anapa"]
[Date "2009.09.02"]
[Round "3"]
[White "Meshkov, Yuri A"]
[Black "Zasypkin, Alexey"]
[Result "1-0"]
[WhiteElo "2379"]
[BlackElo "2231"]
[PlyCount "113"]
[EventDate "2009.08.31"]
[EventType "swiss"]
[EventRounds "9"]
[EventCountry "RUS"]
[SourceTitle "CBM 132 Extra"]
[Source "ChessBase"]
[SourceDate "2009.11.03"]
[SourceVersion "1"]
[SourceVersionDate "2009.11.03"]
[SourceQuality "1"]

1. e4 d5 2. exd5 Nf6 3. d4 Nxd5 4. Nf3 g6 5. c4 Nb6 6. c5 Nd5 7. Bc4 Bg7 8. Qb3 c6 9. Nc3 0-0 10. 0-0 Nxc3 11. bxc3 b5 12. Be2 Be6 13. Qc2 Nd7 14. a4 a6 15. Bg5 f6 16. Be3 Bf7 17. Ra3 e5 18. Rfa1 Rb8 19. axb5 axb5 20. Ra7 Qc8 21. h4 Rb7 22. Ra8 Qc7 23. c4 b4 24. d5 b3 25. Qb2 Nb8 26. d6 Qc8 27. R8a3 Nd7 28. Rxb3 Rxb3 29. Qxb3 f5 30. Ra5 h6 31. Qa4 f4 32. Bd2 e4 33. Nh2 Be6 34. Qc2 Bf5 35. Qc1 g5 36. hxg5 hxg5 37. Bc3 Ne5 38. Ra7 Bf6 39. Re7 Nd3 40. Bxd3 Bxe7 41. dxe7 Rf7 42. Be2 Rxe7 43. Bf6 Re6 44. Bxg5 f3 45. Bf1 Qf8 46. g3 Qxc5 47. Be3 Qe7 48. c5 Rg6 49. Qb2 Qd7 50. Qb8+ Kh7 51. Qe5 Qe6 52. Qf4 Qd7 53. Qh4+ Kg7 54. Bf4 Qe6 55. Qd8 Qd7 56. Be5+ Kf7 57. Bc4+ 1-0

[Event "Karelia-ch 62nd"]
[Site "Petrozavodsk"]
[Date "2009.02.23"]
[Round "4"]
[White "Zasypkin, Alexey"]
[Black "Gubaidullin, Mannifanzil"]
[Result "1-0"]
[WhiteElo "2249"]
[BlackElo "1820"]
[PlyCount "45"]
[EventDate "2009.02.21"]
[EventType "swiss"]
[EventRounds "9"]
[EventCountry "RUS"]
[SourceTitle "CBM 129 Extra"]
[Source "ChessBase"]
[SourceDate "2009.05.05"]
[SourceVersion "2"]
[SourceVersionDate "2009.05.20"]
[SourceQuality "1"]

1. d4 Nf6 2. c4 e6 3. g3 d5 4. Nf3 Nbd7 5. Bg2 Bb4+ 6. Bd2 Bxd2+ 7. Nbxd2 0-0 8. 0-0 b6 9. b3 Bb7 10. Rc1 c5 11. cxd5 exd5 12. e3 Qe7 13. Re1 Rad8 14. Qc2 Rc8 15. Qd3 Ne4 16. Red1 Rcd8 17. dxc5 Ndxc5 18. Qd4 Rfe8 19. Nf1 Ba6 20. b4 Ne6 21. Qb2 Bc4 22. Ne5 Rc8 23. Nxc4 1-0

[Event "Dubna Cup Rating-A"]
[Site "Dubna"]
[Date "2008.07.15"]
[Round "6"]
[White "Bounin, Mikhail"]
[Black "Zasypkin, Alexey"]
[Result "0-1"]
[WhiteElo "2214"]
[BlackElo "2195"]
[PlyCount "56"]
[EventDate "2008.07.12"]
[EventType "tourn"]
[EventRounds "11"]
[EventCountry "RUS"]
[SourceTitle "EXT 2022"]
[Source "ChessBase"]
[SourceDate "2021.10.06"]
[SourceVersion "1"]
[SourceVersionDate "2021.10.06"]
[SourceQuality "1"]

1. e4 d5 2. exd5 Nf6 3. Nf3 Nxd5 4. Bc4 c6 5. 0-0 g6 6. d4 Bg7 7. c3 0-0 8. Re1 Nd7 9. Nbd2 N7f6 10. Nf1 b5 11. Bb3 a5 12. Ne5 Qc7 13. Ne3 a4 14. Nxd5 Nxd5 15. Bxd5 cxd5 16. Bf4 Qb6 17. Nd3 Re8 18. Qd2 Bf5 19. Nb4 Qb7 20. a3 Rad8 21. h3 f6 22. g4 Bc8 23. Nd3 Qc6 24. Re2 e5 25. dxe5 d4 26. Kh2 dxc3 27. bxc3 Qf3 28. Re3 Qxf4+ 0-1

[Event "Dubna Cup Rating-A"]
[Site "Dubna"]
[Date "2008.07.13"]
[Round "4"]
[White "Vetokhin, Dmitry"]
[Black "Zasypkin, Alexey"]
[Result "0-1"]
[WhiteElo "1882"]
[BlackElo "2195"]
[PlyCount "88"]
[EventDate "2008.07.12"]
[EventType "tourn"]
[EventRounds "11"]
[EventCountry "RUS"]
[SourceTitle "EXT 2022"]
[Source "ChessBase"]
[SourceDate "2021.10.06"]
[SourceVersion "1"]
[SourceVersionDate "2021.10.06"]
[SourceQuality "1"]

1. d4 Nf6 2. c4 g6 3. Nc3 Bg7 4. Bg5 0-0 5. e3 c5 6. Nf3 Na6 7. a3 d6 8. Qc2 Bg4 9. Nd2 Rc8 10. h3 Bd7 11. d5 Nc7 12. Bxf6 Bxf6 13. Bd3 e6 14. e4 exd5 15. exd5 Re8+ 16. Kf1 b5 17. Nxb5 Bxb5 18. cxb5 Nxd5 19. Nf3 Nf4 20. Bc4 d5 21. Rd1 Qb6 22. Qc1 Re4 23. Nd2 Rd4 24. g3 dxc4 25. gxf4 Qxb5 26. Kg2 Rxf4 27. Nf1 Re4 28. Ng3 Rd4 29. h4 Qc6+ 30. Kg1 Qf3 31. Re1 Rcd8 32. Qe3 Qxe3 33. Rxe3 Bxh4 34. Rxh4 Rxh4 35. Rc3 Rb8 36. Rc2 Rb3 37. Kg2 c3 38. bxc3 Rxa3 39. f3 Rc4 40. Ne4 f5 41. Nf6+ Kf7 42. Nxh7 Raxc3 43. Rf2 Rc2 44. Ng5+ Kf6 0-1

[Event "Kostroma Volga Cup op"]
[Site "Kostroma"]
[Date "2008.07.??"]
[Round "4"]
[White "Mirzanurov, Bulat"]
[Black "Zasypkin, Alexey"]
[Result "1-0"]
[WhiteElo "2321"]
[BlackElo "2195"]
[PlyCount "107"]
[EventDate "2008.07.??"]
[EventType "swiss"]
[EventRounds "9"]
[EventCountry "RUS"]
[SourceTitle "EXT 2009"]
[Source "ChessBase"]
[SourceDate "2008.11.26"]
[SourceVersion "1"]
[SourceVersionDate "2008.11.26"]
[SourceQuality "1"]

1. d4 Nf6 2. c4 g6 3. Nc3 Bg7 4. e4 0-0 5. Nf3 d6 6. Be2 e5 7. 0-0 Nc6 8. d5 Ne7 9. Nd2 Nd7 10. b4 f5 11. a4 a5 12. bxa5 fxe4 13. Ndxe4 Nf5 14. Ba3 Qe7 15. Nb5 Nf6 16. Bd3 Rxa5 17. Re1 Nxe4 18. Bxe4 Nd4 19. Nxd4 exd4 20. Qd2 Ra8 21. Bxg6 Qh4 22. Bd3 Rxa4 23. Bb2 Rxa1 24. Bxa1 Be5 25. g3 Qg4 26. Re4 Qg7 27. Rh4 h6 28. Bf1 Bf6 29. Bxd4 Bxd4 30. Qxd4 Qxd4 31. Rxd4 Rf3 32. Rh4 Kg7 33. Kg2 Rc3 34. Rf4 Kg6 35. h3 b5 36. cxb5 Bb7 37. Rd4 Rc5 38. Bd3+ Kf6 39. Rf4+ Kg7 40. Rg4+ Kf7 41. Rd4 Kf6 42. Be4 Rxb5 43. Rc4 Rc5 44. Rxc5 dxc5 45. Kf3 Bc8 46. g4 Kg5 47. Kg3 Bd7 48. f4+ Kf6 49. h4 Bc8 50. g5+ Kg7 51. f5 hxg5 52. hxg5 c4 53. Kf4 Bd7 54. Ke5 1-0

[Event "Kostroma Volga Cup op"]
[Site "Kostroma"]
[Date "2008.07.??"]
[Round "3"]
[White "Zasypkin, Alexey"]
[Black "Granovskiy, Alexandr"]
[Result "1/2-1/2"]
[WhiteElo "2195"]
[BlackElo "2356"]
[PlyCount "121"]
[EventDate "2008.07.??"]
[EventType "swiss"]
[EventRounds "9"]
[EventCountry "RUS"]
[SourceTitle "EXT 2009"]
[Source "ChessBase"]
[SourceDate "2008.11.26"]
[SourceVersion "1"]
[SourceVersionDate "2008.11.26"]
[SourceQuality "1"]

1. d4 d5 2. c4 e6 3. Nf3 Nf6 4. g3 dxc4 5. Bg2 Nc6 6. 0-0 Rb8 7. a4 a6 8. a5 Bb4 9. Na3 Bxa5 10. Nxc4 Bb4 11. Bg5 Be7 12. Re1 h6 13. Bf4 Bb4 14. Bd2 Be7 15. Bf4 Bb4 16. Bd2 Bxd2 17. Qxd2 0-0 18. e4 b6 19. Rad1 Bb7 20. d5 exd5 21. exd5 Ne7 22. d6 cxd6 23. Qxd6 Qxd6 24. Nxd6 Ng6 25. Nxb7 Rxb7 26. Rd6 Rfb8 27. Bf1 Ne8 28. Rc6 a5 29. h4 Re7 30. Rd1 Rc7 31. Rxc7 Nxc7 32. h5 Nf8 33. Ne5 Nce6 34. Bb5 Nc5 35. Nc6 Re8 36. Nxa5 Re5 37. Nc4 Re6 38. Ne3 Ne4 39. Bc4 Rd6 40. Nd5 Kh8 41. Ne3 Rxd1+ 42. Nxd1 Kg8 43. Ne3 Nf6 44. Nd5 Nxd5 45. Bxd5 Nd7 46. Kf1 Nf6 47. Bf3 Kf8 48. Ke2 Ke7 49. Kd3 Kd6 50. Bd1 g5 51. Kd4 Ke6 52. g4 Kd6 53. f3 Nd7 54. Bb3 Ne5 55. Ke4 f6 56. Ba2 Ke7 57. Bb3 Kd6 58. Bd1 Ke6 59. Be2 Kd6 60. Kf5 Ke7 61. Ke4 1/2-1/2

[Event "Kostroma Volga Cup op"]
[Site "Kostroma"]
[Date "2008.07.??"]
[Round "7"]
[White "Zasypkin, Alexey"]
[Black "Iliushkin, Evgeny"]
[Result "1-0"]
[WhiteElo "2195"]
[BlackElo "2351"]
[PlyCount "113"]
[EventDate "2008.07.??"]
[EventType "swiss"]
[EventRounds "9"]
[EventCountry "RUS"]
[SourceTitle "EXT 2009"]
[Source "ChessBase"]
[SourceDate "2008.11.26"]
[SourceVersion "1"]
[SourceVersionDate "2008.11.26"]
[SourceQuality "1"]

1. d4 Nf6 2. c4 c5 3. d5 e5 4. Nc3 d6 5. e4 Be7 6. Nf3 0-0 7. Be2 Ne8 8. 0-0 g6 9. a3 Ng7 10. b4 Nd7 11. Ne1 f5 12. Nd3 b6 13. Rb1 fxe4 14. Nxe4 Nf6 15. f3 Nxe4 16. fxe4 Rxf1+ 17. Bxf1 Bd7 18. bxc5 bxc5 19. Qb3 Ne8 20. Be2 Bg5 21. Bxg5 Qxg5 22. Nf2 Nf6 23. Qg3 Qd2 24. Qd3 Qa5 25. Qe3 Rf8 26. Bf3 Kg7 27. g3 Rf7 28. Kg2 Bc8 29. h4 h5 30. Be2 Qa6 31. Rb8 Bd7 32. Rb1 Bg4 33. Bxg4 Nxg4 34. Nxg4 hxg4 35. Rb5 Qa4 36. Qb3 Qxb3 37. Rxb3 Rc7 38. a4 Kf7 39. a5 Ke7 40. Rb8 Kd7 41. Rg8 Rb7 42. Rg7+ Kc8 43. Rxg6 Rb2+ 44. Kg1 Rb1+ 45. Kf2 Rb2+ 46. Kf1 Rc2 47. Rxg4 Rxc4 48. h5 Rc1+ 49. Ke2 Rc2+ 50. Kd1 Rh2 51. Rh4 Rf2 52. h6 Rf8 53. g4 Kd8 54. g5 Ke7 55. g6 Kf6 56. g7 Rb8 57. Rg4 1-0

[Event "Northwest FR-ch"]
[Site "St Petersburg"]
[Date "2008.03.27"]
[Round "8"]
[White "Neverov, Ivan"]
[Black "Zasypkin, Alexey"]
[Result "1/2-1/2"]
[WhiteElo "2125"]
[BlackElo "2187"]
[PlyCount "122"]
[EventDate "2008.03.21"]
[EventType "swiss"]
[EventRounds "9"]
[EventCountry "RUS"]
[SourceTitle "EXT 2022"]
[Source "ChessBase"]
[SourceDate "2021.10.06"]
[SourceVersion "1"]
[SourceVersionDate "2021.10.06"]
[SourceQuality "1"]

1. e4 d5 2. exd5 Nf6 3. Nf3 Nxd5 4. d4 g6 5. Be2 Bg7 6. 0-0 0-0 7. c4 Nb6 8. Nc3 Bg4 9. Be3 Nc6 10. b3 Bxf3 11. Bxf3 Nxd4 12. Bxb7 Rb8 13. Be4 c5 14. Rc1 e5 15. Bd5 Nxd5 16. Nxd5 Re8 17. Qd2 f5 18. Rfe1 Qh4 19. f3 f4 20. Bf2 Qd8 21. Bxd4 cxd4 22. b4 Qd6 23. Qd3 Red8 24. Rb1 Rd7 25. Rb3 Rc8 26. Ra3 Qc6 27. b5 Qxc4 28. Qxc4 Rxc4 29. b6 Rc8 30. bxa7 Ra8 31. Nb4 Raxa7 32. Rxa7 Rxa7 33. Nc6 Rxa2 34. Nxe5 Bxe5 35. Rxe5 d3 36. Rd5 d2 37. Kf1 Kg7 38. g3 d1Q+ 39. Rxd1 Rxh2 40. gxf4 Kf6 41. Rd5 h5 42. Rb5 Rh4 43. Kg2 Rxf4 44. Kg3 Rf5 45. Rb6+ Kg5 46. f4+ Kh6 47. Ra6 Rc5 48. Rb6 Rc3+ 49. Kg2 Kg7 50. Ra6 Kf7 51. Rb6 Re3 52. f5 g5 53. Rh6 h4 54. Rg6 Rg3+ 55. Kh2 Kf8 56. Kh1 g4 57. Kh2 Kf7 58. Rh6 Rh3+ 59. Kg2 Ke7 60. Rg6 Rg3+ 61. Kh2 Kf7 1/2-1/2

[Event "Northwest FR-ch"]
[Site "St Petersburg"]
[Date "2008.03.22"]
[Round "2"]
[White "Shapovalenko, Maksim"]
[Black "Zasypkin, Alexey"]
[Result "0-1"]
[WhiteElo "2224"]
[BlackElo "2187"]
[PlyCount "74"]
[EventDate "2008.03.21"]
[EventType "swiss"]
[EventRounds "9"]
[EventCountry "RUS"]
[SourceTitle "EXT 2022"]
[Source "ChessBase"]
[SourceDate "2021.10.06"]
[SourceVersion "1"]
[SourceVersionDate "2021.10.06"]
[SourceQuality "1"]

1. e4 d5 2. exd5 Nf6 3. d4 Nxd5 4. Nf3 g6 5. Be2 Bg7 6. 0-0 0-0 7. c4 Nb6 8. Nc3 Bg4 9. c5 Nd5 10. Qb3 Nxc3 11. bxc3 b6 12. cxb6 axb6 13. Re1 c5 14. Bb2 Nc6 15. Rad1 Be6 16. d5 Na5 17. Qc2 Bf5 18. Qc1 Nb7 19. a3 Na5 20. Bd3 Bxd3 21. Rxd3 Nc4 22. Re4 b5 23. h4 Qd6 24. h5 Nxb2 25. Qxb2 c4 26. Rd1 Rfb8 27. hxg6 hxg6 28. Nd4 Qxd5 29. Rxe7 Qc5 30. Rde1 Bf8 31. R7e5 Qxa3 32. Qc2 b4 33. cxb4 Bxb4 34. Rc1 Bd6 35. Nb5 Qxc1+ 36. Qxc1 Bxe5 37. f4 Ra1 0-1

[Event "Dubna op"]
[Site "Dubna"]
[Date "2007.08.10"]
[Round "12"]
[White "Kostin, Konstantin"]
[Black "Zasypkin, Alexey"]
[Result "0-1"]
[WhiteElo "2259"]
[BlackElo "2103"]
[PlyCount "108"]
[EventDate "2007.08.02"]
[EventType "swiss"]
[EventRounds "14"]
[EventCountry "RUS"]
[SourceTitle "EXT 2008"]
[Source "ChessBase"]
[SourceDate "2007.11.25"]
[SourceVersion "1"]
[SourceVersionDate "2007.11.25"]
[SourceQuality "1"]

1. c4 Nf6 2. Nf3 g6 3. Nc3 d6 4. d4 Bg7 5. e4 0-0 6. Be2 e5 7. 0-0 Nc6 8. d5 Ne7 9. Ne1 Nd7 10. Be3 f5 11. f3 f4 12. Bf2 g5 13. Rc1 b6 14. b4 Rf6 15. c5 bxc5 16. bxc5 Nxc5 17. Bxc5 dxc5 18. Nd3 Rh6 19. Na4 Qe8 20. Nf2 Qh5 21. h3 Qh4 22. Qe1 c6 23. Nxc5 cxd5 24. exd5 Kh8 25. Rd1 Nf5 26. Nfe4 Ne3 27. Qxh4 gxh4 28. d6 Rg6 29. g4 hxg3 30. d7 Bxd7 31. Rxd7 Nxf1 32. Bxf1 h6 33. Bc4 Rc8 34. Bd3 Bf8 35. Nb3 Rg7 36. Rd5 Re7 37. Nd6 Rcc7 38. Bf5 Rc3 39. Nd2 Ra3 40. N6e4 Rxa2 41. Rd8 Kg8 42. Nc5 Kf7 43. h4 Ra1+ 44. Kg2 Rc1 45. Nd3 Rc2 46. Nb4 Rb2 47. Nc6 Rc7 48. Be4 Rxc6 49. Bxc6 Bb4 50. Rd7+ Ke6 51. Rxa7 Rxd2+ 52. Kf1 Rf2+ 53. Kg1 Bc5 54. Bd7+ Kd6 0-1

[Event "Dubna op"]
[Site "Dubna"]
[Date "2007.08.07"]
[Round "6"]
[White "Kolmakov, Pavel"]
[Black "Zasypkin, Alexey"]
[Result "0-1"]
[WhiteElo "2216"]
[BlackElo "2103"]
[PlyCount "52"]
[EventDate "2007.08.02"]
[EventType "swiss"]
[EventRounds "14"]
[EventCountry "RUS"]
[SourceTitle "EXT 2008"]
[Source "ChessBase"]
[SourceDate "2007.11.25"]
[SourceVersion "1"]
[SourceVersionDate "2007.11.25"]
[SourceQuality "1"]

1. e4 d5 2. exd5 Nf6 3. d4 Nxd5 4. Be2 Bf5 5. Bf3 c6 6. Ne2 e6 7. 0-0 Be7 8. a3 0-0 9. c4 Nb6 10. Qb3 Qc8 11. a4 Na6 12. Bd2 Rd8 13. Rd1 e5 14. a5 Nd7 15. Qe3 Re8 16. Ng3 exd4 17. Qxd4 Bf6 18. Qf4 Bc2 19. Re1 Rxe1+ 20. Bxe1 Bxb2 21. Ra2 Be5 22. Qc1 Bd3 23. Na3 Ndc5 24. Bc3 Qe6 25. Be2 Bxg3 26. Qg5 f6 0-1